| 000 | 00508nam a2200193 4500 | ||
|---|---|---|---|
| 001 | 131175 | ||
| 003 | ES-MaACL | ||
| 005 | 20230906193929.0 | ||
| 007 | t| | ||
| 008 | 070214s1935 fr r ||||1| fre d | ||
| 100 | 1 |
_aRobin, Léon. _997872 |
|
| 245 | 1 | 0 |
_aPlaton / _cpar Léon Robin. |
| 260 |
_aParis : _bFélix Alcan, _c1935. |
||
| 300 |
_aVIII, 364 p. ; _c23 cm. |
||
| 490 | 1 | _aLes grands philosophes | |
| 830 | 0 |
_aLes grands philosophes _9182277 |
|
| 852 |
_aES-MaACL _jA-4308 |
||
| 999 |
_c131175 _d131175 |
||